000 00991ntm a2200253 a 4500
001 75500
003 BD-RjUL
005 20211209082712.0
008 190417s2017 bg a|||| bm|| 00| 0 eng d
035 _a(BD-RjUL)75718
040 _aBD-RjUL
_beng
_cBD-RjUL
_dBD-RjUL
041 _aeng
082 _223
_a551.458
_bROP 2017
100 1 _aRoy, Susanta Kumar
_9230739
245 1 0 _aPotential Impact of climate Change induced Sea Level Rise on Livelihood Security in Coastal Bangladesh /
_cSusanta Kumar Roy
_6Supervisor: Shitangsu Kumar Paul
260 _aRajshahi :
_bInstitute of Bangladesh Studies, R. U. ,
_c2017
300 _axxii, 308 leaves :
_bIll. ;
_c30 cm.
502 _aThesis (Ph. D.) -- Institute of Bangladesh Studies, R. U. , 2017
504 _aBibliography: leaves [296]-308
650 _aClimate Changes
_zBangladesh
_9230740
650 _aSea Level
_xEnvironmental aspects
_zBangladesh
_9230741
700 _aPaul, Shitangsu Kumar, Supervisor
_9230742
942 _2ddc
_cTHE
999 _c75500
_d75500